<?xml version="1.0" encoding="UTF-8"?>
<record
    xmlns:xsi="http://www.w3.org/2001/XMLSchema-instance"
    xsi:schemaLocation="http://www.loc.gov/MARC21/slim http://www.loc.gov/standards/marcxml/schema/MARC21slim.xsd"
    xmlns="http://www.loc.gov/MARC21/slim">

  <leader>011980000a22002770004500</leader>
  <controlfield tag="003">EG-GICUC</controlfield>
  <controlfield tag="005">20250223030047.0</controlfield>
  <controlfield tag="008">090914s1997    ua d   f m    000 0 eng d</controlfield>
  <datafield tag="040" ind1=" " ind2=" ">
    <subfield code="a">EG-GiCUC</subfield>
    <subfield code="b">eng</subfield>
    <subfield code="c">EG-GiCUC</subfield>
  </datafield>
  <datafield tag="041" ind1="0" ind2=" ">
    <subfield code="a">eng</subfield>
  </datafield>
  <datafield tag="049" ind1=" " ind2=" ">
    <subfield code="a">Deposite</subfield>
  </datafield>
  <datafield tag="097" ind1=" " ind2=" ">
    <subfield code="a">M.A</subfield>
  </datafield>
  <datafield tag="099" ind1=" " ind2=" ">
    <subfield code="a">Cai01.02.12.M.A.1997.La.P</subfield>
  </datafield>
  <datafield tag="100" ind1="0" ind2=" ">
    <subfield code="a">Lamiaa Ahmed Abdelhameed</subfield>
  </datafield>
  <datafield tag="245" ind1="1" ind2="0">
    <subfield code="a">Persistent types of spelling errors : </subfield>
    <subfield code="b">A study on spelling errors in the secondary and tertiary stages / </subfield>
    <subfield code="c">Lamiaa Ahmed Abdelhameed ; Supervised Helmi Aboulfetouh , Mariam Osman</subfield>
  </datafield>
  <datafield tag="246" ind1="1" ind2="5">
    <subfield code="a">&#x627;&#x644;&#x627;&#x646;&#x648;&#x627;&#x639; &#x627;&#x644;&#x62B;&#x627;&#x628;&#x62A;&#x629; &#x645;&#x646; &#x627;&#x644;&#x627;&#x62E;&#x637;&#x627;&#x621; &#x627;&#x644;&#x647;&#x62C;&#x627;&#x626;&#x64A;&#x629; &#x60C; &#x62F;&#x631;&#x627;&#x633;&#x629; &#x639;&#x644;&#x649; &#x627;&#x644;&#x627;&#x62E;&#x637;&#x627;&#x621; &#x627;&#x644;&#x647;&#x62C;&#x627;&#x626;&#x64A;&#x629; &#x641;&#x649; &#x627;&#x644;&#x644;&#x63A;&#x629; &#x627;&#x644;&#x627;&#x646;&#x62C;&#x644;&#x64A;&#x632;&#x64A;&#x629; &#x641;&#x649; &#x627;&#x644;&#x645;&#x631;&#x62D;&#x644;&#x62A;&#x64A;&#x646; &#x627;&#x644;&#x62B;&#x627;&#x646;&#x648;&#x64A;&#x629; &#x648;&#x627;&#x644;&#x62C;&#x627;&#x645;&#x639;&#x64A;&#x629;</subfield>
  </datafield>
  <datafield tag="260" ind1=" " ind2=" ">
    <subfield code="a">Cairo : </subfield>
    <subfield code="b">Lamiaa Ahmed Abdelhameed , </subfield>
    <subfield code="c">1997</subfield>
  </datafield>
  <datafield tag="300" ind1=" " ind2=" ">
    <subfield code="a">100 Leaves : </subfield>
    <subfield code="b">charts ; </subfield>
    <subfield code="c">30cm</subfield>
  </datafield>
  <datafield tag="502" ind1=" " ind2=" ">
    <subfield code="a">Thesis(M.A.) - Cairo University - Faculty of Arts - Department of English</subfield>
  </datafield>
  <datafield tag="700" ind1="0" ind2=" ">
    <subfield code="a">Helmi Aboulfetouh , </subfield>
    <subfield code="e">Supervisor</subfield>
  </datafield>
  <datafield tag="700" ind1="0" ind2=" ">
    <subfield code="a">Mariam Osman , </subfield>
    <subfield code="e">Supervisor</subfield>
  </datafield>
  <datafield tag="856" ind1=" " ind2=" ">
    <subfield code="u">http://172.23.153.220/th.pdf</subfield>
  </datafield>
  <datafield tag="905" ind1=" " ind2=" ">
    <subfield code="a">Mustafa</subfield>
    <subfield code="e">Revisor</subfield>
  </datafield>
  <datafield tag="905" ind1=" " ind2=" ">
    <subfield code="a">Reda</subfield>
    <subfield code="e">Cataloger</subfield>
  </datafield>
  <datafield tag="942" ind1=" " ind2=" ">
    <subfield code="2">ddc</subfield>
    <subfield code="c">TH</subfield>
  </datafield>
  <datafield tag="999" ind1=" " ind2=" ">
    <subfield code="c">26605</subfield>
    <subfield code="d">26605</subfield>
  </datafield>
  <datafield tag="952" ind1=" " ind2=" ">
    <subfield code="2">ddc</subfield>
    <subfield code="7">0</subfield>
    <subfield code="a">CUCL</subfield>
    <subfield code="b">cl210</subfield>
    <subfield code="d">2024-02-11</subfield>
    <subfield code="o">Cai01.02.12.M.A.1997.La.P</subfield>
    <subfield code="p">01010110029181000</subfield>
    <subfield code="r">2023-09-22 00:00:00</subfield>
    <subfield code="y">TH</subfield>
  </datafield>
</record>
